000
00340 a2200157 4500
001
181732
020
_a
040
_c
Magnum
100
_a
Moraes, Lidia Maria de
240
1
0
_a
E tempo de leitura/v.3
_l
por
245
1
0
_a
E tempo de leitura/v.3
362
0
_a
1899
440
1
_a
Ática
697
_a
MAGNITO: PARADIDATICO
942
_c
BK
999
_c
181732
_d
181732